| 000 | 00474nam a22001697a 4500 | ||
|---|---|---|---|
| 003 | OSt | ||
| 005 | 20260430030949.0 | ||
| 008 | 260430b |||||||| |||| 00| 0 eng d | ||
| 040 |
_aDWCL-Main lib _cOC |
||
| 082 | _aFic. T273 | ||
| 100 | _aTerhune, Albert Payson | ||
| 245 |
_aCollie to the rescue / _cAlbert Payson Terhune |
||
| 260 |
_aNew York : _bGrosset & Dunlap, _cc1940. |
||
| 300 |
_a215 p. : _bill. ; _c19 cm. |
||
| 650 | _a1. Fiction | ||
| 942 |
_2ddc _cFIC. _mFic. _n0 |
||
| 999 |
_c10093 _d10093 |
||